000 01325nam a2200337 i 4500
003 EG-GICUC
005 20260121101458.0
008 251213s2004 ua d|||fr|||| 00| 0 ara d
017 _a ٢٢٩٩ / ٢٠٠٤
020 _a977-04-4400-6
040 _a EG-GICUC
_bara
_c EG-GICUC
_d EG-GICUC
_erda
041 0 _aara
082 0 4 _221
_a345.324
_bم ح . ا
092 0 4 _221
099 _aLaw1 07 345.324 م ح . ا 1 ed - 2004
100 0 _aمحمد المتولى
_eمؤلف.
245 1 0 _aالإتجاهات الحديثة فى خصخصة المرافق العامة :
_bبين النظرية والتطبيق /
_cد/ محمد المتولي.
250 _aالطبعة الأولى
264 1 _aالقاهرة :
_bدار النهضة العربية،
_c2004.
300 _a122 صفحة :
_bإيضاحيات؛
_c24 سم.
336 _2rda content
_atext
337 _2rda media
_aComputer
338 _2rda carrier
_aOnline Resource
504 _a.222-118ببليوجرافيا: صفحات
546 _aالنص أغلبه باللغة العربية مع بعض النصوص الفرنسية
650 1 4 _aطرق إدارة المرافق العامة
650 1 4 _aالقانون الإداري
856 4 0 _uhttps://fll.law.cu.edu.eg/fulltext/bks/B07-01313.pdf
905 _a32
942 _2ddc
_cBK
_e21
_n0
999 _c50198
_d50198